[Event "European Blitz 2022"]
[Site "Katowice POL"]
[Date "2022.12.16"]
[Round "9.91"]
[White "Balint, Vilmos"]
[Black "Karvatskyi, Oleksii"]
[Result "0-1"]
[WhiteTitle "FM"]
[WhiteElo "2242"]
[BlackElo "1995"]
[WhiteFideId "718050"]
[BlackFideId "14191059"]
[EventDate "2022.12.16"]

1. e4 c5 2. Nf3 Nc6 3. d4 cxd4 4. Nxd4 e5 5. Nb5 d6 6. c4 Be7 7. Bd3 Be6 8. O-O
Nf6 9. h3 O-O 10. Be3 a6 11. N5c3 Nb4 12. a3 Nxd3 13. Qxd3 Nd7 14. Nd5 f5 15. f3
fxe4 16. fxe4 Rxf1+ 17. Qxf1 Bxd5 18. cxd5 Bg5 19. Bxg5 Qxg5 20. Nc3 Rf8 21. Qe2
Nc5 22. b4 Nb3 23. Rf1 Rxf1+ 24. Kxf1 Qc1+ 25. Nd1 Nd4 26. Qd3 b5 27. Kg1 g6 28.
Kh2 Qf4+ 29. Kg1 Qc1 30. Kh2 Qc2 31. Qf1 Qxe4 32. Kh1 Qxd5 33. Qf6 Qf7 34. Qd8+
Kg7 35. Ne3 Qf4 36. Qe7+ Kg8 37. Ng4 Qf1+ 38. Kh2 Qf4+ 39. Kh1 Qf1+ 40. Kh2 Qf4+
41. g3 Qd2+ 42. Kh1 Qe1+ 43. Kg2 Qe4+ 44. Kf1 Qe2+ 45. Kg1 0-1

[Event "European Blitz 2022"]
[Site "Katowice POL"]
[Date "2022.12.16"]
[Round "9.92"]
[White "Aymerich Verdaguer, Eduard"]
[Black "Duda, Leon"]
[Result "1-0"]
[WhiteTitle "CM"]
[WhiteElo "2208"]
[BlackElo "1546"]
[WhiteFideId "32049293"]
[BlackFideId "21852790"]
[EventDate "2022.12.16"]

1. d4 c5 2. c3 e6 3. Nf3 d5 4. Bf4 Nc6 5. e3 Nf6 6. Nbd2 Bd6 7. Ne5 O-O 8. Bd3
Qc7 9. Ndf3 b6 10. O-O Bb7 11. Rc1 Nd7 12. Bxh7+ Kh8 13. Nxd7 Qxd7 14. Bxd6 Qxd6
15. Bd3 g6 16. e4 cxd4 17. cxd4 Nb4 18. e5 Qe7 19. Bb1 Kg7 20. Qd2 Rh8 21. Rc3
Rac8 22. Rfc1 Rxc3 23. Rxc3 Rc8 24. Rxc8 Bxc8 25. Qc3 Bb7 26. h4 Nc6 27. Bd3 Qb4
28. Nd2 Qxc3 29. bxc3 Kf8 30. f4 Ke7 31. Kf2 Kd7 32. Kf3 Ne7 33. Kg4 Kc6 34. Kg5
Ng8 35. g4 b5 36. h5 gxh5 37. gxh5 Kb6 38. Nb3 a5 39. h6 Nxh6 40. Kxh6 a4 41.
Nc5 Bc6 42. a3 Be8 43. Kg7 1-0

[Event "European Blitz 2022"]
[Site "Katowice POL"]
[Date "2022.12.16"]
[Round "9.93"]
[White "Dubnevych, Maksym"]
[Black "Gretarsson, Helgi Ass"]
[Result "1/2-1/2"]
[BlackTitle "GM"]
[WhiteElo "2139"]
[BlackElo "2451"]
[WhiteFideId "14184001"]
[BlackFideId "2300699"]
[EventDate "2022.12.16"]

1. d4 Nf6 2. Nc3 d5 3. Bf4 c6 4. e3 Bf5 5. Nf3 e6 6. Ne5 Bb4 7. f3 Qa5 8. Qd2 h6
9. g4 Bh7 10. Bd3 Nbd7 11. Bxh7 Nxh7 12. Nd3 Bxc3 13. bxc3 Nb6 14. Bc7 Ng5 15.
O-O Nc4 16. Bxa5 Nxd2 17. Rf2 Ndxf3+ 18. Kg2 Nh4+ 19. Kg3 Ng6 20. Re2 b6 21. Bb4
a5 22. Ba3 Ne4+ 23. Kg2 Nxc3 24. Ree1 h5 25. Nf2 hxg4 26. Nxg4 Kd7 27. Rf1 f6
28. Bb2 Ne4 29. a4 Rh4 30. Nf2 Rah8 31. Nxe4 Rxh2+ 32. Kf3 Nh4+ 33. Kg3 Nf5+ 34.
Rxf5 exf5 35. Nf2 g5 36. Rc1 b5 37. axb5 cxb5 38. Bc3 b4 39. Be1 Kc6 40. c4 R2h4
41. cxd5+ Kd6 42. Rc6+ Kxd5 43. Rc5+ Ke6 44. Rxa5 f4+ 45. exf4 Rxf4 46. Bxb4
Rxd4 47. Bc3 Rd6 48. Bxf6 Kxf6 49. Ne4+ Ke6 50. Nxd6 Kxd6 51. Rxg5 1/2-1/2

[Event "European Blitz 2022"]
[Site "Katowice POL"]
[Date "2022.12.16"]
[Round "9.94"]
[White "Asllani, Muhamet"]
[Black "Krainski, Aleksander"]
[Result "0-1"]
[BlackTitle "FM"]
[WhiteElo "2228"]
[BlackElo "2046"]
[WhiteFideId "22100300"]
[BlackFideId "1102400"]
[EventDate "2022.12.16"]

1. e4 e5 2. Nf3 Nf6 3. d4 Nxe4 4. Nxe5 d5 5. Bd3 Be7 6. O-O O-O 7. c3 Nd7 8. Nf3
Bd6 9. h3 Re8 10. Re1 Ndf6 11. c4 c6 12. Nc3 Nxc3 13. bxc3 dxc4 14. Bxc4 Rxe1+
15. Qxe1 Nd5 16. Bg5 Qf8 17. Rb1 h6 18. Bh4 b6 19. Bb3 Bf5 20. Rd1 Re8 21. Qd2
Bf4 22. Qb2 Be4 23. Nd2 Bg6 24. c4 Nb4 25. Qc3 a5 26. Nf3 Re2 27. a3 Na2 28.
Bxa2 Rxa2 29. c5 bxc5 30. dxc5 Rc2 31. Qxa5 Qxc5 32. Re1 Rc1 33. Rxc1 Qxa5 34.
Rxc6 Qxa3 35. Bg3 Bxg3 36. fxg3 Be4 37. Rc8+ Kh7 38. Rc4 0-1

[Event "European Blitz 2022"]
[Site "Katowice POL"]
[Date "2022.12.16"]
[Round "9.95"]
[White "Uruci, Endrit"]
[Black "Rozman, Monika"]
[Result "1-0"]
[WhiteTitle "FM"]
[BlackTitle "WFM"]
[WhiteElo "2297"]
[BlackElo "2125"]
[WhiteFideId "22100199"]
[BlackFideId "14609118"]
[EventDate "2022.12.16"]

1. e4 e5 2. Nf3 Nc6 3. Bb5 a6 4. Bxc6 dxc6 5. d3 f6 6. O-O Ne7 7. Be3 Be6 8. Nc3
g5 9. d4 Ng6 10. dxe5 g4 11. Nd4 Bc4 12. exf6 Bxf1 13. Kxf1 Qxf6 14. Qxg4 Be7
15. Nf5 c5 16. Rd1 Rd8 17. Nd5 Qc6 18. Nfxe7 Nxe7 19. Qg7 Rf8 20. Qxe7# 1-0

[Event "European Blitz 2022"]
[Site "Katowice POL"]
[Date "2022.12.16"]
[Round "9.96"]
[White "Sliwicki, Damian"]
[Black "Karolczuk, Iwo"]
[Result "0-1"]
[WhiteTitle "CM"]
[BlackTitle "FM"]
[WhiteElo "2158"]
[BlackElo "2327"]
[WhiteFideId "1127128"]
[BlackFideId "21816972"]
[EventDate "2022.12.16"]

1. e4 c5 2. Nc3 Nc6 3. Bb5 Nd4 4. Nf3 e6 5. O-O a6 6. Be2 Nc6 7. d4 cxd4 8. Nxd4
Qc7 9. Re1 Nf6 10. Bf1 Nxd4 11. Qxd4 Bc5 12. Qd1 d6 13. Bg5 h6 14. Bxf6 gxf6 15.
Qf3 Bd4 16. Rad1 Be5 17. Rd3 Bd7 18. Qe3 Bc6 19. f4 Bxc3 20. Rxc3 Rg8 21. Kh1
Ke7 22. e5 dxe5 23. fxe5 Qxe5 24. Qf2 Qg5 25. Rg3 Qa5 26. Ra3 Qc7 27. Qh4 Rg6
28. Rd3 Qb6 29. Qf4 Qc5 30. Red1 Qxc2 31. Qd6+ Ke8 32. R3d2 0-1

[Event "European Blitz 2022"]
[Site "Katowice POL"]
[Date "2022.12.16"]
[Round "9.97"]
[White "Ribeiro, Gustavo"]
[Black "Gunnarsson, Arnar"]
[Result "0-1"]
[BlackTitle "IM"]
[WhiteElo "1836"]
[BlackElo "2406"]
[WhiteFideId "1941852"]
[BlackFideId "2300915"]
[EventDate "2022.12.16"]

1. d4 f5 2. c4 Nf6 3. Nc3 e6 4. Bg5 c6 5. Nf3 d5 6. e3 Bd6 7. Bd3 O-O 8. Qc2 h6
9. Bxf6 Qxf6 10. c5 Bc7 11. O-O-O b6 12. Ne2 bxc5 13. Qxc5 Bb7 14. Qc3 Nd7 15.
Kb1 Bd6 16. h4 Rfc8 17. Rc1 a5 18. Rc2 a4 19. Ka1 Qe7 20. Nf4 Bb4 21. Ng6 Qd6
22. Nfe5 Bxc3 23. Rxc3 c5 24. Nxd7 Qxd7 25. dxc5 d4 26. exd4 Qxd4 27. Ne7+ Kh8
28. Nxc8 Rxc8 29. Rhc1 a3 30. c6 axb2+ 31. Kxb2 Rxc6 32. g3 Rxc3 33. Rxc3 Qxf2+
34. Bc2 Qd4 35. a3 Bd5 36. a4 Qb4+ 37. Bb3 Bxb3 0-1

[Event "European Blitz 2022"]
[Site "Katowice POL"]
[Date "2022.12.16"]
[Round "9.98"]
[White "Dwilewicz, Katarzyna"]
[Black "Kirk, Ezra"]
[Result "0-1"]
[WhiteTitle "WFM"]
[BlackTitle "IM"]
[WhiteElo "2123"]
[BlackElo "2432"]
[WhiteFideId "1148486"]
[BlackFideId "600067"]
[EventDate "2022.12.16"]

1. e4 c5 2. Nf3 Nc6 3. c3 d6 4. d4 Nf6 5. d5 Nb8 6. Bd3 Nbd7 7. O-O g6 8. c4 Bg7
9. Nc3 O-O 10. Be3 a6 11. Nd2 e6 12. f4 exd5 13. cxd5 b5 14. a4 b4 15. Ncb1 Re8
16. Qf3 Nxd5 17. Nc4 Nxe3 18. Nxe3 Bb7 19. Nd2 Bxb2 20. Rab1 Bd4 21. Kh1 Qe7 22.
Nc2 Bc3 23. Nc4 Bxe4 24. Bxe4 Qxe4 25. Qxe4 Rxe4 26. Nxd6 Re2 27. Na1 Nf6 28.
Nb3 Ne4 29. Nxe4 Rxe4 30. Nxc5 Re2 31. a5 Ra2 32. Nd3 Rb8 33. Rb3 Rxa5 34. Rfb1
Rab5 35. Nc1 a5 36. Na2 Bf6 37. Kg1 Rc8 38. Kf1 Rc2 39. Nc1 a4 40. Rd3 b3 41.
Ne2 a3 42. Rdxb3 Rxb3 43. Rxb3 a2 0-1

[Event "European Blitz 2022"]
[Site "Katowice POL"]
[Date "2022.12.16"]
[Round "9.99"]
[White "Larkin, Vladyslav"]
[Black "Bazilius, Augustinas"]
[Result "0-1"]
[WhiteTitle "IM"]
[WhiteElo "2452"]
[BlackElo "2118"]
[WhiteFideId "14152894"]
[BlackFideId "12832251"]
[EventDate "2022.12.16"]

1. d4 Nf6 2. Nf3 g6 3. Nbd2 d5 4. e3 Bg7 5. Bd3 O-O 6. O-O c5 7. c3 Nbd7 8. Qe2
b6 9. a4 Bb7 10. a5 bxa5 11. Ba6 Bc6 12. Nb3 c4 13. Nxa5 Qb6 14. Nxc6 Qxc6 15.
b4 cxb3 16. Bb2 Nb6 17. Nd2 Na4 18. Bb5 Nxc3 19. Bxc6 Nxe2+ 20. Kh1 Rac8 21. Ra6
Rc7 22. Re1 Rfc8 23. Rxe2 Rxc6 24. Rxc6 Rxc6 25. Nxb3 Ne4 26. g3 e6 27. Kg2 Bf8
28. f3 Nd6 29. e4 Nxe4 0-1

[Event "European Blitz 2022"]
[Site "Katowice POL"]
[Date "2022.12.16"]
[Round "9.100"]
[White "Kacprzak, Kacper"]
[Black "Delgerdalai, Bayarjavkhlan"]
[Result "1/2-1/2"]
[WhiteElo "2289"]
[BlackElo "2100"]
[WhiteFideId "21819319"]
[BlackFideId "23727276"]
[EventDate "2022.12.16"]

1. e4 c5 2. Nf3 d6 3. d4 cxd4 4. Nxd4 Nf6 5. Nc3 a6 6. Bg5 e6 7. f4 b5 8. e5
dxe5 9. fxe5 Qc7 10. Nf3 Nfd7 11. Bf4 Nc6 12. Qe2 Bb7 13. O-O-O Be7 14. h4 Nc5
15. h5 b4 16. Ne4 Nxe4 17. Qxe4 h6 18. Kb1 Rc8 19. Qe3 Na5 20. Bd3 Bd5 21. Nd4
Nc4 22. Bxc4 Qxc4 23. b3 Qc5 24. Qe2 O-O 25. Be3 Qc7 26. Nf5 Be4 27. Nxe7+ Qxe7
28. Rd2 Bh7 29. Qf2 Rc3 30. Bd4 Rc6 31. Rc1 Rfc8 32. g4 Qg5 33. Qg2 a5 34. Be3
Qxe3 35. Qxc6 Bxc2+ 36. Rdxc2 Rxc6 37. Rxc6 Qxe5 38. R6c4 g6 39. hxg6 fxg6 40.
Rc7 Qe4+ 41. Kb2 Qd4+ 42. Kb1 1/2-1/2

[Event "European Blitz 2022"]
[Site "Katowice POL"]
[Date "2022.12.16"]
[Round "10.1"]
[White "Gavrilescu, David"]
[Black "Santos Latasa, Jaime"]
[Result "0-1"]
[WhiteTitle "IM"]
[BlackTitle "GM"]
[WhiteElo "2522"]
[BlackElo "2668"]
[WhiteFideId "1227190"]
[BlackFideId "2293307"]
[EventDate "2022.12.16"]

1. e4 c5 2. Nf3 e6 3. d4 cxd4 4. Nxd4 Nc6 5. Nc3 Qc7 6. Be3 a6 7. a3 b5 8. Nxc6
Qxc6 9. Bd3 Bb7 10. Qd2 Rc8 11. O-O Nf6 12. f3 Qc7 13. Kh1 Bd6 14. f4 b4 15.
axb4 Bxb4 16. e5 Bxc3 17. bxc3 Ne4 18. Bxe4 Bxe4 19. Rxa6 Qxc3 20. Rd6 Qxc2 21.
Rxd7 Bxg2+ 22. Kg1 Qxd2 0-1

[Event "European Blitz 2022"]
[Site "Katowice POL"]
[Date "2022.12.16"]
[Round "10.2"]
[White "Lagarde, Maxime"]
[Black "Kazakouski, Valery"]
[Result "0-1"]
[WhiteTitle "GM"]
[BlackTitle "GM"]
[WhiteElo "2584"]
[BlackElo "2539"]
[WhiteFideId "662399"]
[BlackFideId "13507443"]
[EventDate "2022.12.16"]

1. e4 e5 2. Nc3 Nc6 3. g3 Bc5 4. Bg2 d6 5. d3 a6 6. Nge2 f5 7. Nd5 fxe4 8. dxe4
Nf6 9. Bg5 Bg4 10. f3 Be6 11. c3 Rf8 12. Bxf6 gxf6 13. f4 Ne7 14. Qd3 c6 15. Ne3
Qc7 16. b4 Ba7 17. a4 O-O-O 18. b5 d5 19. bxa6 dxe4 20. axb7+ Kb8 21. Qxe4 f5
22. Qf3 Rd3 23. Qh5 Rxe3 24. Qh6 Ng6 25. Kf1 Bc4 26. Re1 exf4 27. gxf4 Qxf4+ 0-1

[Event "European Blitz 2022"]
[Site "Katowice POL"]
[Date "2022.12.16"]
[Round "10.3"]
[White "Donchenko, Alexander"]
[Black "Keinanen, Toivo"]
[Result "1/2-1/2"]
[WhiteTitle "GM"]
[BlackTitle "IM"]
[WhiteElo "2636"]
[BlackElo "2508"]
[WhiteFideId "24603295"]
[BlackFideId "509825"]
[EventDate "2022.12.16"]

1. Nf3 d5 2. d4 Nf6 3. c4 e6 4. g3 dxc4 5. Bg2 c6 6. Ne5 Bb4+ 7. Nc3 Nd5 8. Bd2
b5 9. O-O Bxc3 10. bxc3 O-O 11. a4 Bb7 12. Qb1 a6 13. Nxc4 Qc7 14. Ne5 Nd7 15.
Nd3 c5 16. axb5 axb5 17. Rxa8 Rxa8 18. dxc5 Nxc5 19. Qxb5 Nxd3 20. exd3 Bc6 21.
Qc5 Ra5 22. Qc4 Ra4 23. Qb3 Ra8 24. Rb1 h6 25. Qc4 Qd7 26. Qc5 Ne7 27. Bxc6 Nxc6
28. d4 Rc8 29. Ra1 Qb7 30. Qa3 Qd7 31. Qa6 Rc7 32. Be3 Ne7 33. c4 Nf5 34. c5 Rc8
35. Rc1 Rc6 36. Qb5 Qc8 37. Rc4 Ne7 38. Bf4 Nd5 39. Bd6 Qd7 40. Rc2 Kh7 41. Rb2
Kg6 42. Qb7 Qxb7 43. Rxb7 Ra6 44. Kg2 Ra4 45. c6 Rxd4 46. Rb5 Rc4 47. Rc5 Rxc5
48. Bxc5 f6 49. Kf3 Kf7 50. Bd6 e5 51. Ke4 Ke6 52. Bf8 g6 53. Bxh6 f5+ 54. Kd3
Kd6 55. Bg7 Nb4+ 56. Ke3 Nxc6 57. Bf8+ Ke6 58. Bc5 Kd5 59. Bb6 Ke6 60. h4 Ne7
61. Bc5 Nd5+ 62. Kf3 Nf6 63. Bb6 Ng4 64. Ke2 Kd5 65. f3 Nf6 66. Bd8 Nh5 67. g4
Nf4+ 68. Ke3 Ke6 69. gxf5+ gxf5 70. Bg5 Nh5 71. Bd8 Kf7 72. Bc7 Ke6 73. Bd8 Kf7
74. Bc7 Kf6 75. Bd8+ Kf7 76. Bc7 Kf6 77. Bd8+ Kf7 78. Bc7 1/2-1/2

[Event "European Blitz 2022"]
[Site "Katowice POL"]
[Date "2022.12.16"]
[Round "10.4"]
[White "Piorun, Kacper"]
[Black "Alexakis, Dimitris"]
[Result "1-0"]
[WhiteTitle "GM"]
[BlackTitle "IM"]
[WhiteElo "2611"]
[BlackElo "2486"]
[WhiteFideId "1130420"]
[BlackFideId "4277023"]
[EventDate "2022.12.16"]

1. d4 Nf6 2. Bg5 d5 3. Nd2 c5 4. e3 Nc6 5. Ngf3 Qb6 6. dxc5 Qxb2 7. Rb1 Qc3 8.
Bb5 e6 9. O-O Bxc5 10. Rb3 Qa5 11. Ne5 Qc7 12. Bf4 Bd6 13. Qa1 O-O 14. Bxc6 bxc6
15. c4 Nd7 16. Nd3 Ba6 17. Rc1 Bxf4 18. exf4 Rab8 19. Ra3 dxc4 20. Nxc4 Bb5 21.
h4 Rfd8 22. Nce5 Nxe5 23. Nxe5 f6 24. Ng4 Qxf4 25. Rg3 e5 26. Qc3 Rd4 27. Ne3
Rbd8 28. h5 Rd3 29. Qc5 Qd4 30. Rxg7+ Kxg7 31. Nf5+ Kg8 32. Nxd4 R3xd4 33. Qe7
R4d6 34. h6 R6d7 35. Qxf6 Re8 36. Rc3 Rf7 37. Rg3+ Kf8 38. Qd6+ Ree7 39. Qd8+
Re8 40. Rg8+ 1-0

[Event "European Blitz 2022"]
[Site "Katowice POL"]
[Date "2022.12.16"]
[Round "10.5"]
[White "Hovhannisyan, Robert"]
[Black "Kowalski, Igor"]
[Result "1/2-1/2"]
[WhiteTitle "GM"]
[BlackTitle "IM"]
[WhiteElo "2597"]
[BlackElo "2344"]
[WhiteFideId "13302507"]
[BlackFideId "1172468"]
[EventDate "2022.12.16"]

1. e4 c6 2. d4 d5 3. exd5 cxd5 4. c4 Nf6 5. Nc3 Nc6 6. Nf3 Bg4 7. cxd5 Nxd5 8.
Qb3 Bxf3 9. gxf3 e6 10. Qxb7 Nxd4 11. Bb5+ Nxb5 12. Qc6+ Ke7 13. Qxb5 Rb8 14.
Qc5+ Ke8 15. Qxa7 Nb4 16. Qa4+ Qd7 17. Qxd7+ Kxd7 18. Ke2 Nc2 19. Rd1+ Kc6 20.
Rb1 Bc5 21. Be3 e5 22. Na4 Nd4+ 23. Kf1 Ba7 24. b3 Kd5 25. f4 exf4 26. Bxf4 Rbc8
27. Rd2 Ke4 28. Bg3 Rhe8 29. Kg2 f5 30. Re1+ Kd5 31. Red1 Ke4 32. f3+ Nxf3 33.
Re2+ Be3 34. Rd7 Nd4 35. Rxe3+ Kxe3 36. Bf2+ Ke2 37. Bxd4 Rc2 38. Bxg7 f4 39.
Nc3+ Rxc3 40. Bxc3 f3+ 41. Kg3 f2 42. Rd2+ Ke3 43. Rxf2 Rg8+ 44. Kh4 Kxf2 45.
Kh5 Kf3 46. a4 Rc8 47. Bd4 Rd8 48. Bg7 Rd6 49. b4 Kf4 50. b5 Rg6 51. h4 Kf3 52.
a5 Rd6 53. b6 Rd5+ 54. Kh6 Rxa5 55. Bf8 Kg4 56. Bd6 Kxh4 57. b7 Rb5 58. b8=Q
Rxb8 59. Bxb8 Kg4 60. Kxh7 1/2-1/2

[Event "European Blitz 2022"]
[Site "Katowice POL"]
[Date "2022.12.16"]
[Round "10.6"]
[White "Navara, David"]
[Black "Saraci, Nderim"]
[Result "1-0"]
[WhiteTitle "GM"]
[BlackTitle "IM"]
[WhiteElo "2684"]
[BlackElo "2468"]
[WhiteFideId "309095"]
[BlackFideId "6351921"]
[EventDate "2022.12.16"]

1. d4 Nf6 2. c4 e6 3. Nc3 d5 4. cxd5 exd5 5. Bg5 c6 6. e3 Be7 7. Bd3 Nbd7 8. Nf3
Nh5 9. Bxe7 Qxe7 10. O-O Nhf6 11. Rb1 a5 12. Qc2 O-O 13. a3 b5 14. Rfe1 b4 15.
Ne2 c5 16. dxc5 Nxc5 17. axb4 Nxd3 18. Qxd3 Qxb4 19. Nc3 Ba6 20. Qd4 Rab8 21.
Nxd5 Nxd5 22. Qxd5 Bb7 23. Qd4 Be4 24. Ra1 Bxf3 25. Qxb4 Rxb4 26. gxf3 a4 27.
Ra2 Rc8 28. Rea1 Rcc4 29. b3 Rxb3 30. Rxa4 Rxa4 31. Rxa4 g6 32. Ra5 Kg7 33. Kg2
h6 34. f4 Rc3 35. h4 h5 36. f5 Rc4 37. Kh3 Rc1 38. fxg6 fxg6 39. f3 Re1 40. e4
Kf6 41. Ra6+ Kf7 42. Kg3 Rh1 43. Rb6 Kg7 44. Kf4 Rxh4+ 45. Kg5 Rh1 46. Rxg6+ Kf7
47. Rh6 Rh3 48. f4 Rg3+ 49. Kf5 Rh3 50. e5 Rh1 51. e6+ Kg7 52. Rg6+ Kf8 53. Kf6 1-0

[Event "European Blitz 2022"]
[Site "Katowice POL"]
[Date "2022.12.16"]
[Round "10.7"]
[White "Kosakowski, Jakub"]
[Black "Deac, Bogdan-Daniel"]
[Result "0-1"]
[WhiteTitle "IM"]
[BlackTitle "GM"]
[WhiteElo "2475"]
[BlackElo "2700"]
[WhiteFideId "1185080"]
[BlackFideId "1226380"]
[EventDate "2022.12.16"]

1. e4 c6 2. d4 d5 3. e5 Bf5 4. Nf3 e6 5. Be2 Nd7 6. O-O a5 7. a4 f6 8. Be3 Ne7
9. h3 Ng6 10. Nbd2 fxe5 11. dxe5 Bc5 12. Bxc5 Nxc5 13. Nd4 Nxe5 14. f4 Ned7 15.
Bh5+ g6 16. Bf3 O-O 17. g4 Be4 18. Nxe4 dxe4 19. Bg2 Qb6 20. Kh2 Rad8 21. Qe2 e5
22. Qc4+ Kh8 23. Ne6 Nxe6 24. Qxe6 exf4 25. Qxe4 Qc7 26. Rf3 Ne5 27. Rxf4 Nxg4+
28. Kg3 Nf6 0-1

[Event "European Blitz 2022"]
[Site "Katowice POL"]
[Date "2022.12.16"]
[Round "10.8"]
[White "Seo, Jung Min"]
[Black "Moroni, Luca Jr"]
[Result "1/2-1/2"]
[WhiteTitle "IM"]
[BlackTitle "GM"]
[WhiteElo "2502"]
[BlackElo "2576"]
[WhiteFideId "1734687"]
[BlackFideId "865834"]
[EventDate "2022.12.16"]

1. e4 d6 2. d4 e5 3. dxe5 dxe5 4. Qxd8+ Kxd8 5. Nf3 f6 6. Bc4 c6 7. O-O Kc7 8.
Rd1 Bc5 9. a4 a5 10. Nbd2 Ne7 11. Nb3 Bb6 12. Bd2 Bg4 13. Bc3 Nd7 14. Rd3 Nc5
15. Nxc5 Bxc5 16. Rad1 b6 17. h3 Bc8 18. b3 Ng6 19. R3d2 Rf8 20. Kh2 Nf4 21. Ng1
Ne6 22. Nf3 Bb4 23. Bxb4 axb4 24. Ne1 Nc5 25. f3 Bd7 26. Nd3 Nxd3 27. Rxd3 Rfd8
28. Bf7 Be8 29. Bxe8 Rxd3 30. Rxd3 Rxe8 31. Kg1 Rb8 32. Kf2 b5 33. axb5 Rxb5 34.
Ke2 Ra5 35. Rd1 Ra2 36. Kd3 Kb6 37. Rf1 Kc5 38. f4 exf4 39. Rxf4 Kd6 40. Rf5 Ra1
41. Kc4 Rc1 42. Rf2 Re1 43. Kxb4 Rxe4+ 44. Kc3 Kc5 45. Kd3 Re7 46. c3 Rd7+ 47.
Kc2 Ra7 48. Kd3 Rd7+ 49. Kc2 1/2-1/2

[Event "European Blitz 2022"]
[Site "Katowice POL"]
[Date "2022.12.16"]
[Round "10.9"]
[White "Oleksiyenko, Mykhaylo"]
[Black "Subelj, Jan"]
[Result "1-0"]
[WhiteTitle "GM"]
[BlackTitle "IM"]
[WhiteElo "2594"]
[BlackElo "2492"]
[WhiteFideId "4152417"]
[BlackFideId "14618583"]
[EventDate "2022.12.16"]

1. e4 e6 2. d4 d5 3. Nd2 c5 4. Ngf3 cxd4 5. Nxd4 Nc6 6. Bb5 Bd7 7. Nxc6 bxc6 8.
Bd3 Nf6 9. e5 Ng8 10. Qe2 Ne7 11. Nf3 Rb8 12. O-O Ng6 13. c4 Be7 14. g3 f6 15.
b3 Nxe5 16. Nxe5 fxe5 17. Qh5+ Kf8 18. Qxe5 Bf6 19. Ba3+ Kf7 20. Qh5+ g6 21. Qf3
Kg7 22. Rac1 Be7 23. Bxe7 Qxe7 24. Qe3 a5 25. cxd5 cxd5 26. Qe5+ Qf6 27. Qc7 Qd8
28. Qe5+ Qf6 29. Qd6 Rhd8 30. Rc7 Qf7 31. Rfc1 Kg8 32. Ra7 Qf8 33. Qxf8+ Kxf8
34. Rcc7 Ke7 35. Rxa5 Kd6 36. Raa7 Rbc8 37. Rcb7 Rc1+ 38. Kg2 Bc6 39. Rb6 Kc5
40. Raa6 Rc8 41. b4+ Kd4 42. Be2 e5 43. b5 Bd7 44. Ra4+ Kc3 45. Rd6 Bf5 46. Rxd5
Be4+ 47. Rxe4 1-0

[Event "European Blitz 2022"]
[Site "Katowice POL"]
[Date "2022.12.16"]
[Round "10.11"]
[White "Abdrlauf, Elham"]
[Black "Svane, Rasmus"]
[Result "1-0"]
[WhiteTitle "IM"]
[BlackTitle "GM"]
[WhiteElo "2518"]
[BlackElo "2622"]
[WhiteFideId "1533533"]
[BlackFideId "4657101"]
[EventDate "2022.12.16"]

1. e4 c6 2. d4 d5 3. Nc3 dxe4 4. Nxe4 Nf6 5. Nxf6+ exf6 6. Bd3 Qxd4 7. Nf3 Qd8
8. O-O Be7 9. Re1 O-O 10. Bf4 Bg4 11. h3 Bh5 12. g4 Bg6 13. Bxg6 hxg6 14. Qxd8
Bxd8 15. Bd6 Nd7 16. Rad1 Nb6 17. b3 Rc8 18. c4 Bc7 19. Bxf8 Kxf8 20. Kg2 g5 21.
h4 gxh4 22. Nxh4 g6 23. Rd3 a5 24. Rh1 Re8 25. Nxg6+ Kg7 26. Nh4 Re4 27. Nf5+
Kg6 28. Ne3 Re8 29. Rh5 a4 30. Kf3 axb3 31. axb3 Re7 32. Nf5 Re8 33. Rd1 Bb8 34.
Rh6+ Kg5 35. Rdh1 1-0

[Event "European Blitz 2022"]
[Site "Katowice POL"]
[Date "2022.12.16"]
[Round "10.12"]
[White "Saric, Ante"]
[Black "Kozak, Antoni"]
[Result "0-1"]
[WhiteTitle "GM"]
[WhiteElo "2504"]
[BlackElo "2422"]
[WhiteFideId "14506254"]
[BlackFideId "21832030"]
[EventDate "2022.12.16"]

1. Nf3 Nf6 2. g3 c5 3. Bg2 Nc6 4. c4 e5 5. Nc3 d6 6. d3 Be7 7. Bg5 O-O 8. O-O
Be6 9. Ne1 Ne8 10. Bd2 Rb8 11. Nc2 Nc7 12. Ne3 Nd4 13. Ned5 Bg4 14. Nxc7 Qxc7
15. h3 Bh5 16. g4 Bg6 17. e3 Nc6 18. Qe2 f5 19. f4 exf4 20. Nd5 Qd7 21. Nxf4 Bf7
22. Bc3 fxg4 23. Qxg4 Qxg4 24. hxg4 Bg5 25. Rae1 Rbe8 26. b3 Re7 27. Nd5 Ree8
28. Be4 Ne5 29. Bxe5 Rxe5 30. Kg2 h6 31. Rf3 Rfe8 32. Bh7+ Kxh7 33. Rxf7 Kg6 34.
Rxb7 Bxe3 35. Rxa7 Bd4 36. Rxe5 Rxe5 37. Kf3 Re1 38. a4 Rf1+ 39. Ke2 Rf2+ 40.
Ke1 Rb2 41. Rb7 Kg5 42. Kd1 Kxg4 43. a5 Ra2 44. Ra7 h5 45. b4 cxb4 46. Rb7 Rxa5
47. Nxb4 h4 48. Nc2 Bf6 49. Ne3+ Kf3 50. Nd5 h3 51. Nxf6 h2 0-1

[Event "European Blitz 2022"]
[Site "Katowice POL"]
[Date "2022.12.16"]
[Round "10.13"]
[White "Mastrovasilis, Dimitrios"]
[Black "Stefanova, Antoaneta"]
[Result "1/2-1/2"]
[WhiteTitle "GM"]
[BlackTitle "GM"]
[WhiteElo "2605"]
[BlackElo "2442"]
[WhiteFideId "4202694"]
[BlackFideId "2902257"]
[EventDate "2022.12.16"]

1. e4 e5 2. Nf3 Nc6 3. Nc3 Nf6 4. d4 exd4 5. Nxd4 Bb4 6. Nxc6 bxc6 7. Bd3 d5 8.
exd5 O-O 9. O-O cxd5 10. h3 c6 11. Qf3 Rb8 12. Bf4 Bd6 13. b3 Rb4 14. Ne2 Bxf4
15. Nxf4 Qd6 16. c4 a5 17. Rfd1 a4 18. Bc2 axb3 19. Bxb3 Bb7 20. Nd3 Rxc4 21.
Bxc4 dxc4 22. Nb2 Qb4 23. Rab1 c5 24. Qe2 Be4 25. Rbc1 c3 26. Nd3 Qa5 27. Qe3 c4
28. Nc5 c2 29. Re1 Bg6 30. Qd4 h6 31. a4 Rc8 32. Re5 Qb4 33. Nd7 Nxd7 34. Qxd7
Rf8 35. Qb5 Qa3 36. Ree1 Bd3 37. a5 Ra8 38. Ra1 Qd6 39. a6 Ra7 40. h4 Kh7 41.
Rec1 Qc7 42. Re1 Qd6 43. h5 Qc7 44. Rec1 Qd6 45. Re1 Qc7 46. Rec1 Qd6 47. Re1 1/2-1/2

[Event "European Blitz 2022"]
[Site "Katowice POL"]
[Date "2022.12.16"]
[Round "10.14"]
[White "Licznerski, Lukasz"]
[Black "Yuffa, Daniil"]
[Result "0-1"]
[WhiteTitle "IM"]
[BlackTitle "GM"]
[WhiteElo "2441"]
[BlackElo "2587"]
[WhiteFideId "1179250"]
[BlackFideId "24131423"]
[EventDate "2022.12.16"]

1. e4 Nf6 2. e5 Nd5 3. d4 d6 4. c4 Nb6 5. exd6 exd6 6. Nc3 Be7 7. h3 O-O 8. Nf3
Be6 9. d5 Bf5 10. Nd4 Bg6 11. Be2 Bf6 12. O-O N8d7 13. b3 a5 14. Be3 Re8 15. Qd2
a4 16. Rae1 axb3 17. axb3 Nc5 18. b4 Ne4 19. Nxe4 Rxe4 20. Bd3 Re8 21. Ra1 Qd7
22. Ra5 Rxa5 23. bxa5 Na4 24. Bxg6 hxg6 25. Rb1 Nc5 26. Nb3 Ne4 27. Qc2 Nc3 28.
Rc1 Qa4 29. Kh1 Na2 30. Rb1 Nc3 31. Rc1 Qxc4 32. Bd2 Re2 33. Qb2 Rxf2 34. Kg1
Rf1+ 0-1